Top 40 krajów z największą ilością Mcdonaldów - Statystyki

Ogólne statystyki
  • Ten quiz został rozwiązany 41 razy
  • Średni wynik to 32 z 40
Statystyki odpowiedzi
Liczba Kraj % Poprawnych
2 3500 Chiny
100%
4 1530 Niemcy
100%
14 500 Polska
100%
1 13375 USA
100%
8 1000 Brazylia
97%
5 1500 Francja
97%
13 550 Hiszpania
97%
6 1450 Kanada
97%
17 402 Meksyk
97%
7 1420 Wielka Brytania
97%
26 222 Argentyna
95%
12 640 Włochy
92%
37 114 Egipt
89%
3 3000 Japonia
89%
10 850 Rosja
89%
9 980 Australia
86%
27 195 Austria
86%
22 259 Holandia
86%
21 275 RPA
86%
28 191 Szwecja
86%
15 450 Korea Południowa
81%
23 253 Turcja
81%
39 103 Ukraina
81%
19 300 Indie
78%
32 175 Portugalia
78%
38 110 Czechy
76%
25 224 Indonezja
76%
29 185 Kolumbia
73%
31 179 Szwajcaria
73%
18 304 Arabia Saudyjska
70%
24 240 Tajlandia
70%
34 137 Zjednoczone Emiraty Arabskie
68%
30 185 Izrael
62%
40 98 Węgry
62%
33 166 Nowa Zelandia
54%
36 133 Wenezuela
54%
20 282 Malezja
51%
11 650 Filipiny
46%
16 413 Tajwan
46%
35 136 Singapur
35%
Nie znaleziono quizów pasujących do podanych kryteriów
Rozkład punktacji
Procent ludzi z każdym wynikiem
Percentyl według liczby udzielonych odpowiedzi
Twoja historia wyników
Nie rozwiązałeś tego quizu